Las fórmulas de Peter : cómo hacer que las cosas vayan bien / [por] Laurence J. Peter ; tr. Adolfo Martin

Shranjeno v:
Bibliografske podrobnosti
Glavni avtor: Peter, Laurence J. (autor)
Format: Knjiga
Izdaja:3a edición
Teme:
Oznake: Označite
Brez oznak, prvi označite!

MARC

LEADER 00000nam^a2200000^u^4500
001 000546117
005 20250521000000.0
008 060220s1000^^^^^^^^^^^^r^^^^^000^0^spa^d
009 20260310131402.751
022 |a 8401814014 
035 |a FMI 000015638 
037 |a Acervo Xavier Clavigero 
096 |a 8.8/33/D 
100 |a Peter, Laurence J.  |e (autor) 
245 1 4 |a Las fórmulas de Peter : cómo hacer que las cosas vayan bien / [por] Laurence J. Peter ; tr. Adolfo Martin 
250 |a 3a edición 
264 |a Barcelona : Plaza & Janés, c1973 
300 |a 262 p. 
336 |a texto  |b txt  |2 rdacontenido 
337 |a sin mediación  |b n  |2 rdamedio 
338 |a volumen  |b nc  |2 rdasoporte 
597 |a Trad. de ("The Peter prescription"). 
649 |a XX 
650 |a MOTIVACION (PSICOLOGIA) 2. AUTORREALIZACION (PSICOLOGIA) 
910 |a Fondo Francisco Migoya Covarrubias S.J. 
920 |a Impresos - Libros 
930 |a Fondos Especiales 
905 |a 134 
901 |a SBC23489  |b IT2  |c ESP  |u 20250521 
902 |a https://opac.biblio.iteso.mx/vufind/Record/000546117